|
|
|
|
| LEADER |
00000nab a2200000 a 4500 |
| 001 |
vtls000797382 |
| 003 |
SK-MaSNL |
| 005 |
20260304160607.0 |
| 008 |
250507c2001 xo 0 slo |
| 015 |
|
|
|a SNBRB2002/07-21790
|
| 035 |
|
|
|a CLN000149037
|
| 035 |
|
|
|a urn:nbn:sk:snk-ab6z5x
|
| 035 |
|
|
|a (uuid)b25c294b-b58b-4371-bcfc-c0ce3f7ec9aa
|
| 035 |
|
|
|a (urnnbn)urn:nbn:sk:snk:ar-a06c5j
|
| 035 |
|
|
|a (sysno)vtls000797382
|
| 040 |
|
|
|a SNKBUCL
|b slo
|c SNKBUCL
|e AACR2
|
| 041 |
0 |
|
|a eng
|
| 044 |
|
|
|a xo
|c SK
|
| 080 |
|
|
|a 616.65-006.6:575.113
|2 1997
|
| 245 |
0 |
0 |
|a Androgen sensitivity related proteins in hormone-sensitive and hormone-insensitive prostate cancer cell lines treated by androgen antagonist bicalutamide
|c J. Maďarová ... [et al.]
|
| 300 |
|
|
|b Graf
|
| 504 |
|
|
|a Res. angl.
|
| 504 |
|
|
|a Bibliogr. odkazy
|
| 650 |
0 |
7 |
|a žľaza predstojná
|2 snkbucl
|9 1483492
|
| 650 |
0 |
7 |
|a karcinóm
|2 snkbucl
|9 900579
|
| 650 |
0 |
7 |
|a mužské pohlavné hormóny
|2 snkbucl
|9 113376
|
| 650 |
0 |
7 |
|a bikalutamid
|2 snkbucl
|9 1056532
|
| 650 |
0 |
7 |
|a nádory prostaty
|2 snkbucl
|9 20100
|
| 650 |
0 |
7 |
|a línia bunková transformovaná
|2 snkbucl
|9 1483493
|
| 650 |
0 |
7 |
|a farmakoterapia
|2 snkbucl
|9 14158
|
| 650 |
0 |
7 |
|a gény Bcl-2
|2 snkbucl
|9 1483494
|
| 650 |
0 |
7 |
|a bunkový cyklus
|2 snkbucl
|9 20171
|
| 655 |
|
7 |
|a články z novín a časopisov
|2 snkbucl
|9 267496
|
| 700 |
1 |
|
|a Maďarová, J.
|4 aut
|9 1453145
|
| 700 |
1 |
|
|a Lukešová, M.
|4 aut
|9 1127026
|
| 700 |
1 |
|
|a Hlobilková, A.
|4 aut
|9 1159993
|
| 700 |
1 |
|
|a Řiháková, P.
|4 aut
|9 1259472
|
| 700 |
1 |
|
|a Murray, P.G.
|4 aut
|9 1483495
|
| 700 |
1 |
|
|a Študent, V.
|4 aut
|9 907874
|
| 700 |
1 |
|
|a Vojtěšek, B.
|4 aut
|9 1167220
|
| 700 |
1 |
|
|a Kolář, Z.
|4 aut
|9 837957
|
| 773 |
0 |
|
|t Neoplasma
|g Roč. 48, č. 5 (2001), s. 419-424
|x 0028-2685
|
| 850 |
|
|
|a Slovenská národná knižnica
|
| 852 |
|
|
|a Slovenská národná knižnica
|
| 958 |
|
|
|a article27
|
| 958 |
|
|
|a NB
|
| 958 |
|
|
|a MI
|
| 958 |
|
|
|a OND
|
| 958 |
|
|
|a EUIPO
|
| 992 |
|
|
|a RBX
|
| 999 |
|
|
|c 2967939
|d 2969869
|